000 00538nmm a2200169Ia 4500
008 251105s9999||||xx |||||||||||||||||und||
020 _a9788427710085
041 _aspa
100 _aGupta, Rajinder M.
245 0 _aAsesoramiento y apoyo psicopedagógico. Estrategias prácticas de intervención educativa
264 _a[Madrid, España] :
_bNarcea Ediciones,
_c1993
300 _a230 páginas
490 _aEducación hoy estudios
650 _aEducation
856 _uhttps://public.digitaliapublishing.com/a/28923
942 _cCF
999 _c80580
_d80580